Guatemala buscar salir de la guerra fría /
Enregistré dans:
| Auteur principal: | |
|---|---|
| Format: | Texte |
| Tags: |
Ajouter un tag
Pas de tags, Soyez le premier à ajouter un tag!
|
MARC
| LEADER | 00000 a a2200000 04500 | ||
|---|---|---|---|
| 001 | 47278 | ||
| 003 | |||
| 040 | |||
| 100 | |a Alvarado, Félix | ||
| 245 | |a Guatemala buscar salir de la guerra fría / |c Félix Alvarado | ||
| 773 | |g número254, (2014), páginas 124-135 | ||
| 999 | |c 31132 |d 31132 | ||
